The Commonhold (Amendment) Regulations 2009 (Record no. 110063)

MARC details
000 -LEADER
fixed length control field 01111cad a22002775a 4500
001 - CONTROL NUMBER
control field L148488
008 - FIXED-LENGTH DATA ELEMENTS--GENERAL INFORMATION
fixed length control field 090923e20090827xxk f lf000 0 eng d
035 ## - SYSTEM CONTROL NUMBER
System control number (Sirsi) u148488
041 0# - LANGUAGE CODE
Language code of text/sound track or separate title eng
050 04 - LIBRARY OF CONGRESS CALL NUMBER
Classification number 346.41042 $2 18
110 2# - MAIN ENTRY--CORPORATE NAME
Corporate name or jurisdiction name as entry element United Kingdom
Form subheading Laws, etc.
9 (RLIN) 5044
245 04 - TITLE STATEMENT
Title The Commonhold (Amendment) Regulations 2009
Medium [electronic resource]
260 ## - PUBLICATION, DISTRIBUTION, ETC.
Place of publication, distribution, etc. London
Name of publisher, distributor, etc. OPSI
Date of publication, distribution, etc. 2009
490 #0 - SERIES STATEMENT
Series statement SI
Volume/sequential designation (2363) 2009
520 ## - SUMMARY, ETC.
Summary, etc. Amend the Commonhold Regulations 2004. Modifications include: changing references to "memorandum" to "articles"; delete Schedule 1; substitute new prescribed articles for commonhold association in Schedule 2.
520 ## - SUMMARY, ETC.
Summary, etc. Comes into force on 1st October 2009.
521 ## - TARGET AUDIENCE NOTE
Target audience note Advanced
590 ## - LOCAL NOTE (RLIN)
Local note KA
650 24 - SUBJECT ADDED ENTRY--TOPICAL TERM
Topical term or geographic name entry element THE COMMONHOLD (AMENDMENT) REGULATIONS 2009
650 24 - SUBJECT ADDED ENTRY--TOPICAL TERM
Topical term or geographic name entry element COMPANIES ACT 2006
650 24 - SUBJECT ADDED ENTRY--TOPICAL TERM
Topical term or geographic name entry element COMMONHOLD AND LEASEHOLD REFORM ACT 2002
651 #4 - SUBJECT ADDED ENTRY--GEOGRAPHIC NAME
Geographic name England
Chronological subdivision 886-
690 ## - LOCAL SUBJECT ADDED ENTRY--TOPICAL TERM (OCLC, RLIN)
Topical term or geographic name as entry element Planning and development
9 (RLIN) 6259
856 40 - ELECTRONIC LOCATION AND ACCESS
Uniform Resource Identifier <a href="https://www.opsi.gov.uk/si/si2009/uksi_20092363_en_1">https://www.opsi.gov.uk/si/si2009/uksi_20092363_en_1</a>
Public note View the item free of charge online at www.opsi.gov.uk...
942 ## - ADDED ENTRY ELEMENTS (KOHA)
Suppress in OPAC 0
Holdings
Withdrawn status Lost status Source of classification or shelving scheme Damaged status Not for loan Home library Current library Shelving location Date acquired Total Checkouts Full call number Barcode Date last seen Copy number Price effective from Koha item type
    Dewey Decimal Classification     Virtual Virtual Online 23/09/2009   ONLINE PUBLICATION 148488-2001 06/08/2019 1 06/08/2019 Book